000 00798nam a22001817a 4500
003 UA-OsUOA
001 7180
007 ta
008 20040613b un ||||| |||| 00| 0 ukr d
100 _aБасараба В.
942 _cSA
040 _aUA-OsUOA
_cUA-OsUOA
_dUA-OsUOA
245 _aСучасному виробництву - кваліфікованих робітників
_b[У Рівному відбулася виїз. нарада Міністерства освіти і науки , яка була прсвячена питанням підготовки робітничих кадрів у системі проф.-тех. освіти]
300 _aС.3
955 _a0
773 0 _w0
_tВільне слово
_dРівне
_d2004
_g№40/2 черв./
650 7 _aНарада
_2UDC
999 _c293341
_d293341